000 00520nam a22002057a 4500
003 OSt
005 20241024161229.0
008 241024b |||||||| |||| 00| 0 eng d
040 _cMRSPTU
041 _aENG
082 _a634.04
_bBR-O
100 _aBrar, Jaswinder Singh
245 _aOrchard Management ( Year - Round Operations )
250 _a1st Ed.
260 _aLudhiana
_bPAU
_c2022
300 _a118
650 _aAgriculture
700 _aSingh, Harminder & Kang, Kirandeep Kaur
942 _2ddc
_cBK
_n0
999 _c10377
_d10377